ნორმალური ფორმატი
MARC ფორმატი
ჩანაწერი Corporate Name
ჩანაწერთა რაოდენობა, რომელიც გამოყენებულია: 1
001 - CONTROL NUMBER
- control field: 11457
003 - CONTROL NUMBER IDENTIFIER
- control field: GE_BSU
005 - DATE AND TIME OF LATEST TRANSACTION
- control field: 20210420135728.0
008 - FIXED-LENGTH DATA ELEMENTS
- fixed length control field: 210420|| aca||aabn | a|a d
040 ## - CATALOGING SOURCE
- Original cataloging agency: GE_BSU
- Transcribing agency: GE_BSU
110 ## - HEADING--CORPORATE NAME
- Corporate name or jurisdiction name as entry element: Батумский гос. университет Шота Руставели
- Date of meeting or treaty signing: Факультет гуманитарных наук. Лингвистика
670 ## - SOURCE DATA FOUND
- Source citation: Work cat.: (GE_BSU): Думбадзе, Анастасия 11455, Лингвокудьтурологические проблемы перевода и способы их преодоления (на примере русского, украинского и грузинского языков /)
